NRL career point scorers - Statistics

General Stats
  • This quiz has been taken 172 times
  • The average score is 5 of 16
Answer Stats
Points Answer % Correct
1649 Cameron Smith
92%
2176 Andrew Johns
78%
1510 Johnathan Thurston
74%
2418 Hazem El Masri
57%
2107 Jason Taylor
35%
2034 Daryl Halligan
31%
1604 Craig Fitzgibbon
25%
1793 Luke Burt
22%
1971 Michael Cronin
21%
1690 Ryan Girdler
17%
1917 Graham Eadie
14%
1500 Matt Orford
14%
1841 Eric Simms
13%
1554 Graeme Langlands
13%
1604 Clinton Schifcofske
10%
1519 Keith Barnes
10%
No matching quizzes found
Score Distribution
Percent of People with Each Score
Percentile by Number Answered
Your Score History
You have not taken this quiz